| 000 | 01435nam a2200337Ia 4500 | ||
|---|---|---|---|
| 001 | ebr10087118 | ||
| 003 | CaPaEBR | ||
| 006 | m u | ||
| 007 | cr cn||||||||| | ||
| 008 | 940523s1995 nyuaf sb 001 0 eng d | ||
| 010 | _z 94013050 | ||
| 015 | _aGB97-11730 | ||
| 020 | _z0195056728 (acid-free paper) | ||
| 040 |
_aCaPaEBR _cCaPaEBR |
||
| 035 | _a(OCoLC)228118598 | ||
| 050 | 1 | 4 |
_aHQ766.5.G4 _bG76 1995eb |
| 082 | 0 | 4 |
_a363.9/0943 _220 |
| 100 | 1 | _aGrossmann, Atina. | |
| 245 | 1 | 0 |
_aReforming sex _h[electronic resource] : _bthe German movement for birth control and abortion reform, 1920-1950 / _cAtina Grossmann. |
| 260 |
_aNew York : _bOxford University Press, _cc1995. |
||
| 300 |
_axvii, 304 p., [10] p. of plates : _bill. |
||
| 504 | _aIncludes bibliographical references (p. [217]-285) and index. | ||
| 533 |
_aElectronic reproduction. _bPalo Alto, Calif. : _cebrary, _d2009. _nAvailable via World Wide Web. _nAccess may be limited to ebrary affiliated libraries. |
||
| 650 | 0 |
_aBirth control _zGermany _xHistory _y20th century. |
|
| 650 | 0 |
_aContraception _zGermany _xHistory _y20th century. |
|
| 650 | 0 |
_aAbortion _zGermany _xHistory _y20th century. |
|
| 650 | 0 |
_aEugenics _zGermany _xHistory _y20th century. |
|
| 655 | 7 |
_aElectronic books. _2local |
|
| 710 | 2 | _aebrary, Inc. | |
| 856 | 4 | 0 |
_uhttp://site.ebrary.com/lib/rucke/Doc?id=10087118 _zAn electronic book accessible through the World Wide Web; click to view |
| 999 |
_c51625 _d51625 |
||